MARC details
| 000 -CABECERA |
| campo de control de longitud fija |
00875cam a2200229 a 4500 |
| 001 - NÚMERO DE CONTROL |
| campo de control |
000015814 |
| 005 - FECHA Y HORA DE LA ÚLTIMA TRANSACCIÓN |
| campo de control |
20200929164149.0 |
| 008 - DATOS DE LONGITUD FIJA--INFORMACIÓN GENERAL |
| campo de control de longitud fija |
020228s2001 cu ac b f000 0 spa d |
| 020 ## - NÚMERO INTERNACIONAL ESTÁNDAR DEL LIBRO |
| Número Internacional Estándar del Libro |
9597137135 |
| 035 ## - NÚMERO DE CONTROL DEL SISTEMA |
| Número de control de sistema |
(OCoLC)ocm49217449 |
| 040 ## - FUENTE DE LA CATALOGACIÓN |
| Centro catalogador/agencia de origen |
DO-SdBNP |
| Lengua de catalogación |
spa |
| Centro/agencia transcriptor |
BNPHU |
| Centro/agencia modificador |
DLC |
| 082 ## - NÚMERO DE LA CLASIFICACIÓN DECIMAL DEWEY |
| Número de clasificación |
027.57291 |
| Número de documento/Ítem |
F363a |
| 049 ## - FONDOS LOCALES (OCLC) |
| Fondos de biblioteca |
BNGR |
| 100 1# - ENTRADA PRINCIPAL--NOMBRE DE PERSONA |
| Nombre de persona |
Fernéndez Robaina, Tomás, |
| Fechas asociadas al nombre |
1941- |
| 9 (RLIN) |
35588 |
| 245 10 - MENCIÓN DE TÍTULO |
| Título |
Apuntes para la historia de la Biblioteca Nacional José Martí de Cuba / |
| Mención de responsabilidad, etc. |
Tomás Fernández Robaina ; edición Marta Beatriz Armenteros. |
| 260 ## - PUBLICACIÓN, DISTRIBUCIÓN, ETC. |
| Lugar de publicación, distribución, etc. |
[La Habana] : |
| Nombre del editor, distribuidor, etc. |
Biblioteca Nacional José Martí ; |
| -- |
Homenaje, |
| Fecha de publicación, distribución, etc. |
2001. |
| 300 ## - DESCRIPCIÓN FÍSICA |
| Extensión |
138, [4] p. : |
| Otras características físicas |
il. ; |
| Dimensiones |
22 cm. |
| 504 ## - NOTA DE BIBLIOGRAFÍA, ETC. |
| Nota de bibliografía, etc. |
Incluye bibliografía: (p. 128-[139]). |
| 650 #4 - PUNTO DE ACCESO ADICIONAL DE MATERIA--TÉRMINO DE MATERIA |
| Término de materia o nombre geográfico como elemento de entrada |
Bibliotecas nacionales |
| Subdivisión geográfica |
Cuba |
| Subdivisión general |
Historia |
| 9 (RLIN) |
35589 |
| 700 1# - PUNTO DE ACCESO ADICIONAL--NOMBRE DE PERSONA |
| Nombre de persona |
Armenteros, Marta Beatriz, |
| Término indicativo de función/relación |
ed. |
| 9 (RLIN) |
35590 |
| 910 ## - DATOS DE OPCIÓN DEL USUARIO (OCLC) |
| Datos de opción del usuario |
Catalogación por copia / LC |